[Event "SR 4. liga A21 2016/2017"]
[Site "?"]
[Date "2017.02.12"]
[Round "9.6"]
[White "Miciak, Emanuel"]
[Black "Dzurjaninova, Hana"]
[Result "1-0"]
[WhiteElo "1868"]
[BlackElo "1696"]
[PlyCount "79"]
[EventDate "2016.??.??"]

1. d4 d5 2. c4 e6 3. Nf3 Nf6 4. Bg5 c6 5. e3 Qa5+ 6. Nc3 Ne4 7. Qc2 Bb4 8. Rc1
Nd7 9. cxd5 Nxg5 10. Nxg5 Qxd5 11. Nf3 Nf6 12. a3 Bxc3+ 13. Qxc3 Ne4 14. Qd3 b6
15. Qc2 c5 16. Bb5+ Kf8 17. O-O Bb7 18. Bc4 Qh5 19. Ne5 Ke7 20. Bd3 Nd6 21. Be2
Qg5 22. Nf3 Bxf3 23. Bxf3 Rac8 24. Qa4 a5 25. Qb3 b5 26. dxc5 Rxc5 27. Rcd1 Qg6
28. Rd3 Nc4 29. Rd4 Ne5 30. Be4 f5 31. f4 fxe4 32. fxe5 Rhc8 33. Qd1 Rc2 34.
Rd7+ Ke8 35. Rd8+ Rxd8 36. Qxc2 b4 37. axb4 axb4 38. Qc6+ Rd7 39. Rd1 Qf7 40.
Qc8+ 1-0

[Event "SR 4. liga A21 2016/2017"]
[Site "?"]
[Date "2017.02.12"]
[Round "9.6"]
[White "Ganz, Marek"]
[Black "Smrek, Peter"]
[Result "1-0"]
[WhiteElo "1504"]
[BlackElo "1768"]
[PlyCount "61"]
[EventDate "2016.??.??"]

1. e4 e5 2. Nf3 Nc6 3. Bc4 Bc5 4. d3 h6 5. O-O d6 6. h3 Na5 7. Bb3 Nxb3 8. axb3
Be6 9. Nc3 c6 10. Na4 f6 11. Nxc5 dxc5 12. Be3 b6 13. Qd2 Qc7 14. c4 Ne7 15.
Rfd1 a5 16. Nh2 g5 17. f3 Ng6 18. Qf2 Rd8 19. Rd2 O-O 20. Qg3 Rf7 21. Ng4 Kh7
22. Nh2 f5 23. exf5 Bxf5 24. Rad1 Rfd7 25. Ng4 Nf4 26. Nf6+ Kg6 27. Nxd7 Qxd7
28. Bxf4 exf4 29. Qf2 Bxd3 30. Rxd3 Qxd3 31. Rxd3 1-0

[Event "SR 4. liga A21 2016/2017"]
[Site "?"]
[Date "2017.02.12"]
[Round "9.6"]
[White "Kincel, Jan"]
[Black "Fajnor, Dusan"]
[Result "1-0"]
[WhiteElo "1982"]
[BlackElo "1601"]
[PlyCount "45"]
[EventDate "2016.??.??"]

1. e4 c5 2. Nf3 d6 3. d4 cxd4 4. Nxd4 Nf6 5. Nc3 e6 6. Bg5 Be7 7. Bd3 Nc6 8.
Nb3 O-O 9. O-O h6 10. Bh4 b6 11. f4 Nh7 12. Bxe7 Qxe7 13. Qd2 a6 14. Rae1 Bb7
15. Rf3 Rac8 16. a3 Nf6 17. Qe2 Nb8 18. Rg3 e5 19. Rf1 g6 20. h4 Kh7 21. Nd5
Bxd5 22. exd5 Nh5 23. Qxh5 1-0

[Event "SR 4. liga A21 2016/2017"]
[Site "?"]
[Date "2017.02.26"]
[Round "10.1"]
[White "Sottnik, Filip"]
[Black "Kocak, Branislav"]
[Result "0-1"]
[WhiteElo "1697"]
[BlackElo "1879"]
[PlyCount "164"]
[EventDate "2016.??.??"]

1. e4 c5 2. Nf3 d6 3. d4 cxd4 4. Nxd4 Nf6 5. Nc3 a6 6. Be2 e5 7. Nf3 Be7 8. h3
Qc7 9. Nd5 Nxd5 10. exd5 Nd7 11. c4 Nf6 12. O-O Bd7 13. a4 O-O 14. b3 b5 15.
axb5 axb5 16. Ba3 Rfe8 17. Bb4 Bf8 18. Qd2 Qb7 19. Rab1 Ra7 20. Qc2 Rea8 21.
Bc3 Ra2 22. Rb2 Rxb2 23. Bxb2 bxc4 24. bxc4 Rb8 25. Bc3 Qb3 26. Rc1 Qxc2 27.
Rxc2 Rb1+ 28. Kh2 Ne4 29. Be1 Nc5 30. Ba5 Ba4 31. Rd2 g6 32. g4 Be7 33. Kg2 Bb3
34. Bf1 Ne4 35. Re2 Bxc4 36. Re1 Rxe1 37. Nxe1 Bxd5 38. f3 Nc5 39. Nc2 Bb7 40.
Nb4 d5 41. Bc7 Ne6 42. Bxe5 Bxb4 43. f4 d4+ 44. Kf2 Bc5 45. Bd3 Nd8 46. Ke2 Nc6
47. Bf6 Nb4 48. Bc4 Ba6 49. Bxa6 Nxa6 50. Kd3 Nc7 51. Bxd4 Bxd4 52. Kxd4 Kg7
53. Ke5 f6+ 54. Ke4 Kf7 55. h4 h6 56. f5 g5 57. hxg5 hxg5 58. Kf3 Ke7 59. Ke4
Kd6 60. Kd4 Nd5 61. Ke4 Kc5 62. Kf3 Kd4 63. Kf2 Ke4 64. Kg3 Ke3 65. Kg2 Kf4 66.
Kh3 Kf3 67. Kh2 Kxg4 68. Kg2 Kxf5 69. Kf3 g4+ 70. Kg3 Kg5 71. Kg2 f5 72. Kg3
f4+ 73. Kg2 Kf5 74. Kf2 Ke4 75. Ke2 f3+ 76. Kf2 Kf4 77. Kg1 g3 78. Kf1 Ke3 79.
Kg1 Ke2 80. Kh1 Nf4 81. Kg1 f2+ 82. Kh1 f1=Q# 0-1

[Event "SR 4. liga A21 2016/2017"]
[Site "?"]
[Date "2017.02.26"]
[Round "10.1"]
[White "Hrubsa, Marian"]
[Black "Lackovic, Marek"]
[Result "1-0"]
[WhiteElo "1900"]
[BlackElo "1630"]
[PlyCount "107"]
[EventDate "2016.??.??"]

1. e4 c5 2. Nf3 d6 3. d4 cxd4 4. Nxd4 Nf6 5. Nc3 a6 6. Be2 e5 7. Nb3 Nc6 8. Be3
Be7 9. O-O O-O 10. Qe1 b5 11. a3 Bb7 12. f3 Na5 13. Nxa5 Qxa5 14. Qf2 Qc7 15.
Bd3 d5 16. exd5 Nxd5 17. Nxd5 Bxd5 18. Rfd1 Bb7 19. Bb6 Qc8 20. Qe3 Bf6 21. c3
Re8 22. Bc2 Qe6 23. Re1 Bd8 24. Bc5 Bc7 25. Qd3 g6 26. Qe3 Rad8 27. a4 Ra8 28.
Kh1 Bc6 29. a5 Bb7 30. Qg5 Rad8 31. Qe3 Rd7 32. Bb4 Red8 33. Be4 Bxe4 34. Qxe4
f6 35. Qe3 Kg7 36. Bc5 Rd3 37. Qe4 Qd5 38. Qxd5 R8xd5 39. Be3 Kf7 40. Kg1 f5
41. Kf1 Ke6 42. Ke2 f4 43. Bd4 R3xd4 44. cxd4 Rxd4 45. Red1 Rxd1 46. Rxd1 Bd6
47. Kd3 Bc5 48. Ke4 Bd4 49. Rc1 Kd7 50. Kd5 Bxb2 51. Rc6 Bd4 52. Rxa6 Kc7 53.
Rf6 Kb7 54. Re6 1-0

[Event "SR 4. liga A21 2016/2017"]
[Site "?"]
[Date "2017.02.26"]
[Round "10.1"]
[White "Ganz, Marek"]
[Black "Kanka, Tomas"]
[Result "0-1"]
[WhiteElo "1504"]
[BlackElo "1682"]
[PlyCount "46"]
[EventDate "2016.??.??"]

1. e4 e5 2. Nf3 d6 3. Bc4 Be7 4. Nc3 Nf6 5. h3 c6 6. Bb3 O-O 7. O-O h6 8. d3 a5
9. Re1 Nbd7 10. Be3 Nh7 11. Qc1 Ng5 12. Nxg5 Bxg5 13. Bxg5 Qxg5 14. Qxg5 hxg5
15. Re3 Nc5 16. Ne2 a4 17. Bc4 b5 18. Bxf7+ Rxf7 19. Rg3 Ne6 20. Kh2 Rxf2 21.
Ng1 Rxc2 22. Rb1 a3 23. bxa3 Rxa3 0-1

[Event "SR 4. liga A21 2016/2017"]
[Site "?"]
[Date "2017.02.26"]
[Round "10.1"]
[White "Vlk, Jaroslav"]
[Black "Fajnor, Dusan"]
[Result "0-1"]
[WhiteElo "1476"]
[BlackElo "1601"]
[PlyCount "66"]
[EventDate "2016.??.??"]

1. d4 d5 2. c4 e6 3. Nc3 Nf6 4. Bf4 Nbd7 5. Nf3 Be7 6. Qc2 c6 7. O-O-O O-O 8.
e3 Bb4 9. Bd3 h6 10. Rhe1 dxc4 11. Bxc4 Bxc3 12. bxc3 Qa5 13. Bd3 Nd5 14. Kd2
Nxf4 15. exf4 Nf6 16. Re5 Qc7 17. h3 Nd5 18. g3 Bd7 19. Nh4 Rad8 20. Rde1 c5
21. Bc4 cxd4 22. Bxd5 dxc3+ 23. Qxc3 Qxc3+ 24. Kxc3 exd5 25. g4 d4+ 26. Kd3 a6
27. Nf3 Bb5+ 28. Kd2 d3 29. Re7 Rc8 30. Nd4 Bc4 31. Rxb7 Rfd8 32. Nf3 Bd5 33.
Rbe7 Bxf3 0-1

[Event "SR 4. liga A21 2016/2017"]
[Site "?"]
[Date "2017.02.26"]
[Round "10.2"]
[White "Pribila, Gerhard"]
[Black "Blatnicky, Miroslav"]
[Result "1/2-1/2"]
[WhiteElo "2140"]
[BlackElo "2107"]
[PlyCount "20"]
[EventDate "2016.??.??"]

1. Nf3 d5 2. g3 Nf6 3. Bg2 Bf5 4. O-O c6 5. d3 e6 6. b3 Bc5 7. Bb2 Nbd7 8. Nbd2
O-O 9. h3 h6 10. Qe1 Qc7 1/2-1/2

[Event "SR 4. liga A21 2016/2017"]
[Site "?"]
[Date "2017.02.26"]
[Round "10.2"]
[White "Podjavorinsky, Michal"]
[Black "Kubis, Ivan"]
[Result "1/2-1/2"]
[WhiteElo "1848"]
[BlackElo "1918"]
[PlyCount "54"]
[EventDate "2016.??.??"]

1. e4 e5 2. Nf3 Nc6 3. d4 exd4 4. Nxd4 Nf6 5. Nxc6 bxc6 6. Bd3 d5 7. exd5 cxd5
8. O-O Be7 9. Bg5 O-O 10. Re1 h6 11. Bh4 Be6 12. Nd2 c5 13. Nf3 Rb8 14. b3 c4
15. Be2 Bb4 16. Rf1 Bc3 17. Rb1 Qa5 18. Bxf6 Bxf6 19. Nd4 Qxa2 20. Nxe6 fxe6
21. bxc4 dxc4 22. Rxb8 Rxb8 23. Qd6 Rb6 24. Qc7 Qxc2 25. Bxc4 Kh7 26. Qxa7 Bd4
27. Qa2 Qxa2 1/2-1/2

[Event "SR 4. liga A21 2016/2017"]
[Site "?"]
[Date "2017.02.26"]
[Round "10.2"]
[White "Valla, Tomas"]
[Black "Miciak, Emanuel"]
[Result "1/2-1/2"]
[WhiteElo "1838"]
[BlackElo "1868"]
[PlyCount "66"]
[EventDate "2016.??.??"]

1. e4 d6 2. d4 Nf6 3. Nc3 g6 4. h3 c6 5. Be3 Bg7 6. Nf3 O-O 7. Qd2 b5 8. a3 Bb7
9. Bh6 Nbd7 10. Bd3 Qc7 11. O-O e5 12. Bxg7 Kxg7 13. Rae1 Rad8 14. Kh1 a6 15.
Qg5 h6 16. Qe3 Rde8 17. dxe5 dxe5 18. Rd1 c5 19. Be2 Nb6 20. Nd2 c4 21. f4 exf4
22. Rxf4 Nbd7 23. Rdf1 g5 24. R4f2 Re6 25. h4 Rh8 26. Kg1 Qc5 27. Qf3 Qe5 28.
Qh3 Qd6 29. Qe3 Qc5 30. Qf3 Qd6 31. Qh3 Qe5 32. Qf3 Qc5 33. Qh3 Qd6 1/2-1/2

[Event "SR 4. liga A21 2016/2017"]
[Site "?"]
[Date "2017.02.26"]
[Round "10.2"]
[White "Smrek, Peter"]
[Black "Bilovsky, Milan"]
[Result "0-1"]
[WhiteElo "1768"]
[BlackElo "1936"]
[PlyCount "94"]
[EventDate "2016.??.??"]

1. c4 c5 2. Nc3 Nc6 3. g3 g6 4. Bg2 Bg7 5. e3 e5 6. Nge2 Nge7 7. O-O O-O 8. a3
d6 9. Rb1 a5 10. Nd5 Nxd5 11. cxd5 Ne7 12. Nc3 Rb8 13. b4 Bf5 14. e4 Bd7 15. d3
b6 16. bxa5 bxa5 17. Be3 f5 18. f3 f4 19. Bd2 Qc7 20. Qc2 c4 21. Kh1 cxd3 22.
Qxd3 Qc5 23. Rxb8 Rxb8 24. Rb1 Rc8 25. Rb7 Rc7 26. Qa6 Bc8 27. Rxc7 Qxc7 28.
Qb5 Bd7 29. Qd3 g5 30. g4 Nc8 31. Bf1 Qc5 32. Nb5 Qb6 33. a4 Bf6 34. Kg2 Bd8
35. Qc2 Na7 36. Na3 Qd4 37. Nc4 Qc5 38. Qb3 Nc8 39. Be1 Kf7 40. Qb7 Ke8 41. Qb3
h6 42. Nb2 Bb6 43. Qd3 Qg1+ 44. Kh3 h5 45. Qe2 hxg4+ 46. fxg4 Bxg4+ 47. Qxg4
Qxf1+ 0-1

[Event "SR 4. liga A21 2016/2017"]
[Site "?"]
[Date "2017.02.26"]
[Round "10.2"]
[White "Zajicek, Ferdinand"]
[Black "Bjel, Jan"]
[Result "1/2-1/2"]
[WhiteElo "1788"]
[BlackElo "1822"]
[PlyCount "113"]
[EventDate "2016.??.??"]

1. e4 e5 2. Nf3 Nc6 3. Bc4 d6 4. h3 Be7 5. a3 Nf6 6. Nc3 O-O 7. d3 Nd4 8. Be3
c5 9. Bxd4 cxd4 10. Ne2 a6 11. c3 dxc3 12. Nxc3 b5 13. Ba2 Bb7 14. O-O Qb6 15.
Qb3 h6 16. Rac1 Rac8 17. Rc2 Nd7 18. Rcc1 Kh8 19. Nd5 Qd8 20. Rxc8 Bxc8 21. Rc1
Nf6 22. Qc2 Be6 23. Qc6 Nxd5 24. Bxd5 Bxd5 25. Qxd5 Qb8 26. Qc6 Qa7 27. Qc7 Ra8
28. Rc6 g6 29. Qxa7 Rxa7 30. g3 Kg7 31. h4 Kf6 32. Ne1 Ke6 33. Nc2 Kd7 34. Rc3
Bd8 35. Ne3 Bb6 36. Nd5 Bd4 37. Rc2 f5 38. Kg2 fxe4 39. dxe4 a5 40. f4 exf4 41.
Nxf4 g5 42. hxg5 hxg5 43. Ne2 Be5 44. b3 a4 45. b4 g4 46. Kf2 Rc7 47. Rd2 Ke6
48. Ke3 Rf7 49. Nf4+ Bxf4+ 50. gxf4 Rh7 51. f5+ Ke7 52. Kf4 Rh3 53. Kxg4 Rxa3
54. Rd5 Rb3 55. Rxb5 a3 56. Ra5 Rxb4 57. Rxa3 1/2-1/2

[Event "SR 4. liga A21 2016/2017"]
[Site "?"]
[Date "2017.02.26"]
[Round "10.3"]
[White "Zlamal, Marek"]
[Black "Slaby, Jozef"]
[Result "1-0"]
[WhiteElo "1811"]
[BlackElo "1762"]
[PlyCount "73"]
[EventDate "2016.??.??"]

1. d4 Nf6 2. c4 g6 3. Nc3 d5 4. e3 Bg7 5. f4 a6 6. a4 Nc6 7. Nf3 e6 8. Be2 b6
9. b3 O-O 10. O-O Bb7 11. Qe1 Re8 12. Qh4 Ne4 13. Qe1 Na5 14. Rb1 dxc4 15. bxc4
c5 16. Bd3 Nxc3 17. Qxc3 Rc8 18. Ne5 cxd4 19. exd4 Nc6 20. Be3 Qc7 21. Qb2 Nxe5
22. dxe5 Qc6 23. Bxb6 Ba8 24. a5 Re7 25. c5 f6 26. Bxa6 Rf8 27. Bb5 Qe4 28.
Rbe1 Qd5 29. Rd1 Qe4 30. Bd3 Qe3+ 31. Kh1 fxe5 32. c6 exf4 33. Bxe3 Bxb2 34.
Bc5 Ref7 35. Bxf8 Kxf8 36. Be4 Rc7 37. Rd8+ 1-0

[Event "SR 4. liga A21 2016/2017"]
[Site "?"]
[Date "2017.02.26"]
[Round "10.3"]
[White "Slaba, Andrea"]
[Black "Vach, Jozef"]
[Result "1-0"]
[WhiteElo "1821"]
[BlackElo "1706"]
[PlyCount "113"]
[EventDate "2016.??.??"]

1. d4 d5 2. c4 c6 3. e3 Bf5 4. Nc3 e6 5. Nf3 Nd7 6. Be2 dxc4 7. Bxc4 Ngf6 8.
O-O Bd6 9. Re1 Nd5 10. Bd3 Nxc3 11. bxc3 Bxd3 12. Qxd3 O-O 13. e4 h6 14. Nd2
Qh4 15. g3 Qh3 16. Nc4 Be7 17. Bf4 Nf6 18. Qf1 Qxf1+ 19. Kxf1 b6 20. a4 Nh5 21.
Bd6 Bxd6 22. Nxd6 Nf6 23. e5 Ne8 24. Ne4 Rd8 25. Red1 f5 26. exf6 Nxf6 27.
Nxf6+ gxf6 28. f4 e5 29. Ke2 exd4 30. Rxd4 Rxd4 31. cxd4 Rd8 32. Ke3 f5 33. Rc1
Re8+ 34. Kd3 Rc8 35. a5 Kf7 36. Kc4 Re8 37. Rc2 Re6 38. axb6 axb6 39. Rb2 Ke7
40. Rxb6 Kd6 41. Rb2 Re1 42. Rc2 Re8 43. Kd3 Rc8 44. Rc5 Rf8 45. Re5 Rf7 46.
Re8 Kd5 47. Rd8+ Ke6 48. Kc4 Ke7 49. Rh8 Rf6 50. Kc5 Kd7 51. Rh7+ Kd8 52. d5
cxd5 53. Kxd5 Ra6 54. Ke5 Ra5+ 55. Ke6 Kc8 56. Kf6 Kd8 57. Rxh6 1-0

[Event "SR 4. liga A21 2016/2017"]
[Site "?"]
[Date "2017.02.26"]
[Round "10.3"]
[White "Kovarik, Oto"]
[Black "Pripko, Bystrik"]
[Result "1/2-1/2"]
[WhiteElo "1769"]
[BlackElo "1638"]
[PlyCount "107"]
[EventDate "2016.??.??"]

1. e4 e5 2. Nf3 d6 3. d4 exd4 4. Nxd4 Nf6 5. Nc3 h6 6. Be2 Be7 7. O-O O-O 8.
Be3 Nbd7 9. f4 Nh7 10. Nf5 Bf6 11. Bd4 Nb6 12. Ng3 Bxd4+ 13. Qxd4 Nf6 14. a4 a5
15. Rad1 Bg4 16. Bxg4 Nxg4 17. h3 Nf6 18. Nf5 Qd7 19. Nxh6+ Kh7 20. Nf5 Rfe8
21. Ng3 Qc6 22. Qd3 Kg8 23. Rde1 Nxa4 24. Nxa4 Qxa4 25. b3 Qc6 26. e5 dxe5 27.
Rxe5 Rxe5 28. fxe5 Qc5+ 29. Kh2 Qxe5 30. Rf5 Qd6 31. Qf3 Re8 32. Kg1 b6 33. Nf1
Qe6 34. Rg5 Nh7 35. Rg4 b5 36. Qg3 Qe5 37. Qd3 Nf6 38. Rd4 Qe2 39. Qc3 Ne4 40.
Qd3 Qxd3 41. Rxd3 c5 42. Rd5 a4 43. bxa4 bxa4 44. Rd3 Rb8 45. Ra3 Rb1 46. Rxa4
Nd2 47. Rf4 g5 48. Rf2 Nxf1 49. Rxf1 Rxf1+ 50. Kxf1 f5 51. Ke2 Kf7 52. g3 Kf6
53. Ke3 Ke5 54. c4 1/2-1/2

[Event "SR 4. liga A21 2016/2017"]
[Site "?"]
[Date "2017.02.26"]
[Round "10.3"]
[White "Piestansky, Jan"]
[Black "Stasek, Daniel"]
[Result "1/2-1/2"]
[WhiteElo "1640"]
[BlackElo "1617"]
[PlyCount "56"]
[EventDate "2016.??.??"]

1. e4 e6 2. d4 d5 3. exd5 exd5 4. h3 Bd6 5. Nf3 Nf6 6. Bd3 O-O 7. O-O c5 8.
dxc5 Bxc5 9. c3 Qd6 10. Re1 Qg3 11. Nd4 Qd6 12. Be3 Bd7 13. Nd2 a6 14. Nf1 Nc6
15. Bc2 Nxd4 16. Bxd4 Rfe8 17. Ng3 Rxe1+ 18. Qxe1 Bxd4 19. cxd4 Qb6 20. Qd2 Re8
21. b3 Qd6 22. Rc1 g6 23. Bb1 Bc6 24. Qg5 Ne4 25. Nxe4 dxe4 26. Qe3 Rd8 27. Rd1
Qd5 28. Bc2 f5 1/2-1/2

[Event "SR 4. liga A21 2016/2017"]
[Site "?"]
[Date "2017.02.26"]
[Round "10.3"]
[White "Stehlik, Jan"]
[Black "Kuracina, Lubomir"]
[Result "1-0"]
[WhiteElo "1586"]
[BlackElo "1513"]
[PlyCount "157"]
[EventDate "2016.??.??"]

1. e4 e5 2. Nf3 d6 3. d4 exd4 4. Nxd4 a6 5. a4 c5 6. Nf3 Nc6 7. Bc4 h6 8. O-O
Be6 9. Nbd2 Be7 10. Re1 Qc7 11. c3 Rb8 12. Qb3 Na5 13. Qa2 Nxc4 14. Nxc4 b5 15.
axb5 axb5 16. Nxd6+ Bxd6 17. Qa6 Qb6 18. Rd1 Qxa6 19. Rxa6 Bc7 20. Rc6 Bb6 21.
Rdd6 Ba7 22. Rc7 Ra8 23. Ra6 Nf6 24. Rcxa7 Rxa7 25. Rxa7 O-O 26. e5 Rd8 27. h3
Rd1+ 28. Kh2 Nd5 29. Bd2 g5 30. Rb7 Kg7 31. Kg3 Kg6 32. Rxb5 Ne7 33. Rxc5 Bd5
34. Be3 Nf5+ 35. Kh2 Nxe3 36. fxe3 Bxf3 37. gxf3 Rd2+ 38. Kg3 Rxb2 39. Rc6+ Kg7
40. e6 f5 41. e7 h5 42. Rg6+ Kf7 43. e8=Q+ Kxe8 44. Rxg5 Rb3 45. Rxf5 Rxc3 46.
e4 Rc1 47. Rxh5 Kf7 48. Rh6 Kg7 49. Rd6 Rg1+ 50. Kf2 Rh1 51. Kg2 Re1 52. h4 Kf7
53. h5 Kg7 54. h6+ Kh7 55. Kg3 Rg1+ 56. Kf4 Rh1 57. e5 Re1 58. Kf5 Re2 59. f4
Rh2 60. Rf6 Kg8 61. Ke6 Rb2 62. Kf5 Rb3 63. e6 Re3 64. Kg4 Re1 65. f5 Re4+ 66.
Kg5 Re1 67. Rf7 Re2 68. Kf6 Rc2 69. Rd7 Rc8 70. Kg6 Kh8 71. e7 Rg8+ 72. Kf7 Kh7
73. e8=Q Rxe8 74. Kxe8+ Kxh6 75. f6 Kg6 76. f7 Kg7 77. f8=Q+ Kg6 78. Rg7+ Kh6
79. Qh8# 1-0

[Event "SR 4. liga A21 2016/2017"]
[Site "?"]
[Date "2017.02.26"]
[Round "10.4"]
[White "Nemeckay, Rastislav"]
[Black "Curidlo, Jan"]
[Result "1-0"]
[WhiteElo "1990"]
[BlackElo "1896"]
[PlyCount "131"]
[EventDate "2016.??.??"]

1. e4 c5 2. Nf3 d6 3. Bb5+ Bd7 4. Qe2 a6 5. Bxd7+ Qxd7 6. O-O g6 7. c3 Bg7 8.
Rd1 Nc6 9. d4 cxd4 10. cxd4 Qc7 11. Nc3 e6 12. Be3 Nge7 13. Rac1 Qd7 14. d5 Ne5
15. Nxe5 Bxe5 16. dxe6 fxe6 17. Na4 Nc8 18. Qg4 Qe7 19. Bh6 b5 20. Nc3 Nb6 21.
f4 Bxc3 22. Rxc3 Kf7 23. f5 Rhg8 24. fxe6+ Ke8 25. Bg5 h5 26. Bxe7 hxg4 27.
Bxd6 Nc4 28. b3 Nxd6 29. Rxd6 Ke7 30. Rcc6 Rgd8 31. Rxd8 Kxd8 32. e7+ Kxe7 33.
Rxg6 a5 34. Rc6 Rd8 35. Rc2 Rd4 36. Re2 a4 37. bxa4 bxa4 38. Kf2 a3 39. Ke3 Rb4
40. Kd3 Ke6 41. e5 Rb8 42. Ke3 Rb5 43. h3 gxh3 44. gxh3 Rb8 45. h4 Rb1 46. Kd4
Rb2 47. Kd3 Rb4 48. Rh2 Kxe5 49. h5 Rb7 50. h6 Rh7 51. Kc3 Kf5 52. Kb3 Kg6 53.
Kxa3 Ra7+ 54. Kb4 Rb7+ 55. Kc5 Kh7 56. a4 Rb1 57. a5 Rc1+ 58. Kb6 Rb1+ 59. Ka6
Rb4 60. Rh5 Rd4 61. Kb7 Rd7+ 62. Kc6 Rf7 63. a6 Rf6+ 64. Kb5 Rf7 65. Rc5 Kxh6
66. Kb6 1-0

[Event "SR 4. liga A21 2016/2017"]
[Site "?"]
[Date "2017.02.26"]
[Round "10.4"]
[White "Bardik, Jozef"]
[Black "Klimes, Karel"]
[Result "1-0"]
[WhiteElo "1849"]
[BlackElo "1645"]
[PlyCount "75"]
[EventDate "2016.??.??"]

1. d4 d5 2. c4 e6 3. Nc3 Nf6 4. e3 c5 5. Nf3 cxd4 6. exd4 Be7 7. Be2 dxc4 8.
Bxc4 O-O 9. O-O Qc7 10. Qb3 a6 11. a4 Nc6 12. Be2 Rd8 13. Rd1 h6 14. h3 Bd7 15.
Be3 Nb4 16. Ne5 Nfd5 17. Nxd5 Nxd5 18. Rac1 Qb6 19. Qxb6 Nxb6 20. b3 Rac8 21.
a5 Rxc1 22. Rxc1 Nd5 23. Bf3 Bb4 24. Bxd5 exd5 25. Rc7 Be8 26. Rxb7 Bxa5 27. b4
f6 28. bxa5 fxe5 29. dxe5 d4 30. Bd2 Bb5 31. f4 d3 32. Kf2 Rd4 33. Ra7 Ra4 34.
Ke3 Ra2 35. e6 Ra1 36. Ra8+ Kh7 37. e7 Rf1 38. e8=Q 1-0

[Event "SR 4. liga A21 2016/2017"]
[Site "?"]
[Date "2017.02.26"]
[Round "10.4"]
[White "Wallner, Juraj"]
[Black "Sedlak, Rastislav"]
[Result "0-1"]
[WhiteElo "1536"]
[BlackElo "1671"]
[PlyCount "70"]
[EventDate "2016.??.??"]

1. e4 e5 2. Nf3 Nc6 3. d4 exd4 4. Nxd4 Bc5 5. Be3 Bxd4 6. Bxd4 Nxd4 7. Qxd4 Qf6
8. e5 Qg6 9. Qc3 Qe4+ 10. Kd1 Qc6 11. Qxc6 dxc6 12. Be2 Ne7 13. b3 Bf5 14. Nc3
O-O-O+ 15. Ke1 Bxc2 16. Rc1 Bd3 17. Bxd3 Rxd3 18. Ke2 Rhd8 19. Rhd1 Rxd1 20.
Rxd1 Rxd1 21. Kxd1 Nd5 22. Kd2 Kd7 23. Ne4 h6 24. f4 b6 25. a3 Ke6 26. Ke2 Kf5
27. Kf3 a5 28. Nd2 f6 29. exf6 Nxf6 30. h3 h5 31. Ke3 c5 32. Kd3 h4 33. g4+
Kxf4 34. Nf1 Kf3 35. Kd2 Kg2 0-1

[Event "SR 4. liga A21 2016/2017"]
[Site "?"]
[Date "2017.02.26"]
[Round "10.4"]
[White "Stolar, Michal"]
[Black "Tomasovic, Roman"]
[Result "1/2-1/2"]
[WhiteElo "1630"]
[BlackElo "1621"]
[PlyCount "54"]
[EventDate "2016.??.??"]

1. e4 e5 2. Bc4 Nf6 3. d3 Nc6 4. Be3 Na5 5. Bb3 Nxb3 6. axb3 d6 7. h3 Be7 8.
Nf3 b6 9. c4 Bb7 10. Nc3 a5 11. Na4 h6 12. Nc3 c5 13. Nh2 Bc6 14. f4 Nh7 15.
fxe5 Bh4+ 16. Bf2 Bxf2+ 17. Kxf2 dxe5 18. Rf1 Qd4+ 19. Ke2 f6 20. Nf3 Qd6 21.
Kf2 O-O-O 22. Nd5 Kb7 23. Nh4 Ng5 24. Kg1 Rhe8 25. Qe1 Ne6 26. Qd1 Nf8 27. Nf5
Ne6 {nehratelnÃ} 1/2-1/2

[Event "SR 4. liga A21 2016/2017"]
[Site "?"]
[Date "2017.02.26"]
[Round "10.4"]
[White "Tomasovic, Pavol"]
[Black "Divinec, Peter"]
[Result "0-1"]
[WhiteElo "1278"]
[BlackElo "1745"]
[PlyCount "64"]
[EventDate "2016.??.??"]

1. e4 e5 2. Nf3 Nc6 3. Bb5 a6 4. Ba4 Nf6 5. O-O Be7 6. Re1 b5 7. Bb3 O-O 8. c3
d5 9. exd5 Nxd5 10. d4 exd4 11. Nxd4 Nxd4 12. Qxd4 Bb7 13. Be3 Nxe3 14. Qxe3
Re8 15. Qf4 Bf6 16. Rxe8+ Qxe8 17. Nd2 c5 18. a3 Rd8 19. Nf3 Bxf3 20. Qxf3 Rd2
21. Rb1 Rxb2 22. Bxf7+ Kxf7 23. Qh5+ g6 24. Qxh7+ Bg7 25. Rf1 Qh8 26. Qxh8 Bxh8
27. Rc1 Bxc3 28. g3 Bd4 29. Kg2 Rxf2+ 30. Kh3 Ra2 31. Rf1+ Kg7 32. Rf3 Bb2 0-1

[Event "SR 4. liga A21 2016/2017"]
[Site "?"]
[Date "2017.02.26"]
[Round "10.5"]
[White "Lajda, Dusan"]
[Black "Palka, Miroslav"]
[Result "0-1"]
[WhiteElo "1778"]
[BlackElo "1921"]
[PlyCount "90"]
[EventDate "2016.??.??"]

1. e4 c5 2. Nf3 d6 3. d4 cxd4 4. Nxd4 Nf6 5. Nc3 g6 6. Bc4 Bg7 7. Be3 O-O 8. f3
Nc6 9. Qd2 Bd7 10. O-O-O Qa5 11. Kb1 Rfc8 12. Bb3 Ne5 13. Nd5 Qxd2 14. Rxd2
Nxd5 15. Bxd5 Nc4 16. Bxc4 Rxc4 17. g4 b5 18. h4 a5 19. h5 b4 20. Ne2 a4 21. h6
Bf8 22. g5 e5 23. Nc1 Be6 24. Nd3 Rb8 25. Rhh2 b3 26. a3 bxc2+ 27. Rxc2 Rb3 28.
Rhd2 d5 29. exd5 Rxc2 30. Kxc2 Bxd5 31. Bc5 Rxd3 32. Rxd3 Bb3+ 33. Kc3 Bxc5 34.
Rd8+ Bf8 35. Kd2 f6 36. gxf6 Kf7 37. Kd3 Bxh6 38. Rd7+ Kxf6 39. Rxh7 Bc1 40.
Rh2 Kf5 41. Kc3 g5 42. Re2 Kf4 43. Re4+ Kxf3 44. Rxe5 g4 45. Rf5+ Bf4 0-1

[Event "SR 4. liga A21 2016/2017"]
[Site "?"]
[Date "2017.02.26"]
[Round "10.5"]
[White "Huska, Branislav"]
[Black "Orvisky, Vladimir"]
[Result "1/2-1/2"]
[WhiteElo "1803"]
[BlackElo "1765"]
[PlyCount "126"]
[EventDate "2016.??.??"]

1. e4 Nf6 2. Nc3 d5 3. e5 d4 4. Nce2 Ng4 5. f4 Nc6 6. Nf3 e6 7. h3 Nh6 8. d3
Nf5 9. g3 Nb4 10. c3 dxc3 11. Nxc3 Nxg3 12. Rg1 Nxf1 13. Kxf1 Qxd3+ 14. Qxd3
Nxd3 15. Be3 Bd7 16. a3 Nxb2 17. Rb1 Nc4 18. Bc1 b6 19. Ke2 Nxa3 20. Bxa3 Bxa3
21. Rxg7 Bf8 22. Rg3 a5 23. Nd4 O-O-O 24. Ncb5 Kb7 25. Rc3 Bc5 26. Nc2 Rhg8 27.
Nca3 Bc6 28. Rxc5 Rg2+ 29. Ke3 Rg3+ 30. Kf2 Rf3+ 31. Ke2 Rdd3 32. Rxc6 Rfe3+
33. Kf2 Kxc6 34. Rc1+ Kd5 35. Nxc7+ Ke4 36. Rc4+ Kf5 37. Nc2 Rxh3 38. Nd4+ Kg4
39. Ne2 Rdf3+ 40. Ke1 Rh1+ 41. Kd2 Rh2 42. Nb5 h5 43. f5+ Kg5 44. fxe6 fxe6 45.
Nbd4 Ra3 46. Rc6 Ra2+ 47. Kd3 Ra3+ 48. Kc4 Ra4+ 49. Kb5 Rb4+ 50. Ka6 Rf2 51.
Nxe6+ Kf5 52. Ng3+ Kg4 53. Nxh5 Kxh5 54. Nc7 Re2 55. e6 a4 56. Nd5 Rbe4 57.
Nf6+ Kg6 58. Nxe4 Rxe4 59. Rxb6 a3 60. Kb5 Re5+ 61. Kb4 a2 62. Ra6 Kf6 63. Rxa2
Rxe6 1/2-1/2

[Event "SR 4. liga A21 2016/2017"]
[Site "?"]
[Date "2017.02.26"]
[Round "10.5"]
[White "Krchnak, Rudolf"]
[Black "Fidericky, Milan"]
[Result "1-0"]
[WhiteElo "1699"]
[BlackElo "1739"]
[PlyCount "93"]
[EventDate "2016.??.??"]

1. d4 d5 2. Nc3 Nf6 3. Bg5 Nbd7 4. Nf3 h6 5. Bh4 e6 6. e3 Be7 7. Be2 O-O 8. O-O
c6 9. Re1 Ne4 10. Bxe7 Qxe7 11. Nxe4 dxe4 12. Nd2 f5 13. Bc4 Nf6 14. c3 b5 15.
Bb3 Bb7 16. c4 Rad8 17. c5 g6 18. f3 Kg7 19. fxe4 fxe4 20. Bc2 e5 21. Nxe4 Nxe4
22. Bxe4 Qh4 23. Qd3 exd4 24. exd4 Qf2+ 25. Kh1 Rxd4 26. Qe3 Qxe3 27. Rxe3 Rc4
28. h3 Rxc5 29. Rd1 Bc8 30. Rd6 Rc1+ 31. Kh2 Rf6 32. Rd8 Bf5 33. Bf3 Rf7 34.
Ree8 Rc2 35. Rg8+ Kf6 36. Rd6+ Ke5 37. Rxc6 Rxc6 38. Bxc6 Bd3 39. Rd8 Bc4 40.
b3 Bf1 41. Rd1 Rf6 42. Bf3 Ra6 43. Rxf1 Rxa2 44. Rd1 b4 45. Kg3 a5 46. Bc6 Ra3
47. Rd3 1-0

[Event "SR 4. liga A21 2016/2017"]
[Site "?"]
[Date "2017.02.26"]
[Round "10.5"]
[White "Bendzela, Tibor"]
[Black "Bajcar, Pavol"]
[Result "0-1"]
[WhiteElo "1690"]
[BlackElo "1712"]
[PlyCount "86"]
[EventDate "2016.??.??"]

1. e4 e6 2. d4 d5 3. e5 c5 4. c3 Nc6 5. Bb5 Bd7 6. Bxc6 Bxc6 7. Be3 Qb6 8. b3
cxd4 9. Bxd4 Bc5 10. Bxc5 Qxc5 11. Nf3 Ne7 12. O-O Rc8 13. h4 Nf5 14. h5 Ng3
15. Re1 Ne4 16. Rf1 Bb5 17. b4 Qb6 18. a4 Bxf1 19. Qxf1 Nxc3 20. Nxc3 Rxc3 21.
a5 Qc6 22. Qb1 h6 23. b5 Qc5 24. b6 a6 25. Qd1 O-O 26. g4 Rc8 27. Kg2 Rc1 28.
Rxc1 Qxc1 29. Qd3 Qf4 30. g5 hxg5 31. Nh2 Qxe5 32. h6 Qe4+ 33. Qxe4 dxe4 34.
Ng4 Rc5 35. f3 exf3+ 36. Kxf3 f5 37. h7+ Kxh7 38. Nf2 Rxa5 39. Nd3 Ra3 40. Ke2
Rxd3 41. Kxd3 e5 42. Kc4 g4 43. Kc5 g3 0-1